Southville International School and Colleges
Your cart is empty.
  • Cart
  • Lists
    Public lists Eva Luna New books Lux_list list_1
    Your lists Log in to create your own lists
  • Log in to your account
  • Your cookies
  • Search history
Southville International School and Colleges
  • Advanced search
  • Recent comments
  • Most popular
  • Libraries

Log in to your account

Log in with GOOGLE


If you do not have an external account, but do have a local account, you can still log in:

  1. Home
  2. MARC view: MIS essentials /
Normal view MARC view ISBD view

MIS essentials / (Record no. 284496)

[ view plain ]
MARC details
000 -LEADER
fixed length control field 00584nam a22001937a 4500
003 - CONTROL NUMBER IDENTIFIER
control field PILC
005 - DATE AND TIME OF LATEST TRANSACTION
control field 20150528155201.0
008 - FIXED-LENGTH DATA ELEMENTS--GENERAL INFORMATION
fixed length control field 150528b xxu||||| |||| 00| 0 eng d
020 ## - INTERNATIONAL STANDARD BOOK NUMBER
International Standard Book Number 9781292039770
050 ## - LIBRARY OF CONGRESS CALL NUMBER
Classification number T 58.6
Item number .K93 2014
100 ## - MAIN ENTRY--PERSONAL NAME
Personal name Kroenke, David M.
245 ## - TITLE STATEMENT
Title MIS essentials /
Statement of responsibility, etc David M. Kroenke.
250 ## - EDITION STATEMENT
Edition statement Pearson New International Ed.
260 ## - PUBLICATION, DISTRIBUTION, ETC. (IMPRINT)
Place of publication, distribution, etc England :
Name of publisher, distributor, etc Pearson Education Limited,
Date of publication, distribution, etc 2014.
300 ## - PHYSICAL DESCRIPTION
Extent i, 388 pages :
Other physical details color illustrations ;
Dimensions 28 cm.
500 ## - GENERAL NOTE
General note Includes index.
650 ## - SUBJECT ADDED ENTRY--TOPICAL TERM
Topical term or geographic name as entry element Management information systems.
942 ## - ADDED ENTRY ELEMENTS (KOHA)
Source of classification or shelving scheme Library of Congress Classification
Koha item type Books
Call number prefix Foreign
Holdings
Withdrawn status Lost status Source of classification or shelving scheme Damaged status Home library Current library Shelving location Date acquired Source of acquisition Cost, normal purchase price Total Checkouts Full call number Barcode Date last seen Price effective from Koha item type
    Library of Congress Classification   College Library College Library Reserve Section 05/28/2015 Library Fund 2478.00   T 58.6 .K93 2014 C19419 05/15/2018 05/28/2015 Books

MIS essentials /

APA

Kroenke D. M., . (2014). MIS essentials. England: Pearson Education Limited.

Chicago

Kroenke David M, . 2014. MIS essentials. England: Pearson Education Limited.

Harvard

Kroenke D. M., . (2014). MIS essentials. England: Pearson Education Limited.

MLA

Kroenke David M, . MIS essentials. England: Pearson Education Limited. 2014.

  • Place hold
  • Print
  • Cite
  • Add to your cart (remove)
  • Save record
    BIBTEX Dublin Core MARCXML MARC (non-Unicode/MARC-8) MARC (Unicode/UTF-8) MARC (Unicode/UTF-8, Standard) MODS (XML) RIS
  • More searches
    Search for this title in:
    Other Libraries (WorldCat) Other Databases (Google Scholar) Online Stores (Bookfinder.com) Open Library (openlibrary.org)

Exporting to Dublin Core...

SOUTHVILLE LIBRARY

Southville International School and Colleges Library

1281 Tropical Ave. Cor. Luxembourg St., BF Homes International, Las Pinas City

Tel. No. 8256374 / 252358 Loc. 117/146

Powered by Koha